Movies Quiz

Random Movies or Pixar Quiz

Disney Movie By Professions Quiz Stats

 Plays Quiz Updated Dec 7, 2018

Score 0/20 Timer 05:00
0 Plays Today
Professions Movie % Correct
Ice harvester | Trading post owner | Servant | PrincessFrozen
88.3%
Pro racer | Sports announcer | Motel owner | Pit crew memberCars
88.2%
God | Muse | Hero | Trainer of heroesHercules
87.8%
Miner | Huntsman | Queen | PrinceSnow White and the Seven Dwarfs
84.5%
Food critic | Health inspector | Chef | Sous-chefRatatouille
84.1%
Bellringer | Captain | Archdeacon | GypsyThe Hunchback of Notre Dame
82%
Friar | King | Minstrel | SheriffRobin Hood
82%
Social worker | Lifeguard | Waitress | Hula instructorLilo and Stitch
81%
Spaceship Captain | Microbe Obliterator | Trash Compactor | Extraterrestrial Vegetation EvaluatorWALL-E
77.7%
Scarer | Receptionist | CEO | CDA workerMonsters, Inc.
76.3%
Professions Movie % Correct
Police officer | Con-artist | Mayor | Carrot farmerZootopia
69.6%
Insurance agent | Babysitter | Supervillain | Costume designerThe Incredibles
68.9%
Matchmaker | Advisor | Soldier | EmperorMulan
66.1%
Inventor | Bookseller | MaƮtre D' | MajordomoBeauty and the Beast
66.1%
Waitress | Prince | Royal valet | SeamstressThe Princess and the Frog
50.8%
Actor | Talent agent | Director | Animal control officerBolt
32.9%
Linguist | Engineer | Sailor | Demolitions expertAtlantis: The Lost Empire
26.3%
Assistant pig keeper | Princess | Bard | WitchThe Black Cauldron
22.2%
Intergalactic pizza man | Science teacher | Music conductor | InventorMeet the Robinsons
18.8%
Toy maker | Detective | Queen | Night club singerThe Great Mouse Detective
17.9%

You're not logged in!

Compare scores with friends on all Sporcle quizzes.
OR
Log In

Show Comments

Extras

Top Quizzes Today


Score Distribution

Your Account Isn't Verified!

In order to create a playlist on Sporcle, you need to verify the email address you used during registration. Go to your Sporcle Settings to finish the process.

Report this User

Report this user for behavior that violates our Community Guidelines.

Details: